000 00198nam a22000977a 4500
082 _a823
100 _aASHPAK M MULLA
245 _aBRAVE RAMU AND THE WILD PIGS
650 _aENGLISH STORY
942 _cBK
999 _c8490
_d8490